banner-ar

حصان اسمه موج البحر / (Record no. 60259)

MARC details
000 -الفاتح
حقل البيانات ثابتة الطول 00904nam a22002417a 4500
005 - وقت وتاريخ اخر تعامل مع التسجيلة
رقم الضبط 20240530110401.0
008 - عناصر البيانات ثابتة الطول - معلومات عامة
حقل البيانات ثابتة الطول 150117s2007 ua o a 000 f ara d
017 ## - رقم الايداع القانونى
رقم الايداع القانونى 2007/16430
020 ## - الرقم الدولى المعيارى للكتب
الرقم الدولى المعيارى للكتاب 9773042278
040 ## - مصدر الفهرسة
وكالة الفهرسة الأصلية EG-CaGPL
041 1# - رمز اللغة
رمز لغة النص/ المسارات الصوتية أو العنوان الانفرادي ara
رمز لغة الترجمات و/او الاصلية المتوسطة للنص ger
082 04 - رقم تصنيف ديوى العشرى
رقم الطبعة 21
رقم التصنيف 843.087
رقم المادة ط/ز ح
100 1# - المدخل الرئيسى - إسم شخصى
الإسم الشخصى زوزينبووم ، هيلكه
245 10 - بيان العنوان
العنوان حصان اسمه موج البحر /
بيان المسئوليه,etc تاليف هيلكه زوزينبووم ؛ رسم انكه كول ؛ ترجمة صلاح هلال
260 ## - PUBLICATION, DISTRIBUTION, ETC. (IMPRINT)
تاريخ النشر أو التوزيع 2007
300 ## - الوصف المادى
التعداد 140 ص :
تفاصيل ماديه اخرى للوعاء صور ؛
أبعاد الوعاء 19 سم
650 04 - المدخل الاضافى بالموضوع-مصطلح موضوعى
مصطلح موضوعي قصص الاطفال
650 04 - المدخل الاضافى بالموضوع-مصطلح موضوعى
مصطلح موضوعي القصص الالمانية المترجمة
700 1# - المدخل الاضافى - اسم شخصى
الإسم الشخصى كول ، انكه
الدور رسام
700 1# - المدخل الاضافى - اسم شخصى
الإسم الشخصى صلاح هلال
الدور مترجم
942 ## - عناصر المدخل الإضافي( كوها)
مصدر التصنيف او مخطط الترفيف Dewey Decimal Classification
Koha [default] item type كتاب
260 ## - PUBLICATION, DISTRIBUTION, ETC. (IMPRINT)
-- القاهرة :
-- دار الياس العصرية للطباعة والنشر ،
Holdings
حالة التراجع حالة الفقد حالة تلف ليس للاعارة المكان المؤقت الموقع الحالى تاريخ الاكتساب اجمالي اﻻعارات رقم الطلب الباركود تاريخ اخر مشاهدة تاريخ تفعيل السعر نوع وعاء كوها
        مكتبة القاهرة الكبرى مكتبة القاهرة الكبرى 01/20/2015   843.087 ط/ز ح 159266 01/20/2015 01/20/2015 كتاب

Powered By

EGPV